Govt. of
Madhya Pradesh

Teach Yourself Object Oriented Programming with Visual Basic (Record no. 31176)

MARC details
000 -LEADER
fixed length control field 003600000a22001450004500
003 - CONTROL NUMBER IDENTIFIER
control field MACL
040 ## - CATALOGING SOURCE
Original cataloging agency MACL
090 ## - LOCALLY ASSIGNED LC-TYPE CALL NUMBER (OCLC); LOCAL CALL NUMBER (RLIN)
-- 31491
-- 31489
100 ## - MAIN ENTRY--PERSONAL NAME
Personal name Conley, John D
245 ## - TITLE STATEMENT
Title Teach Yourself Object Oriented Programming with Visual Basic
260 ## - PUBLICATION, DISTRIBUTION, ETC. (IMPRINT)
Name of publisher, distributor, etc. BPB Publications
Date of publication, distribution, etc. 1999
350 ## - PRICE (NR) (BK AM CF MU VM SE) [OBSOLETE]
Price 225
650 ## - SUBJECT ADDED ENTRY--TOPICAL TERM
Topical term or geographic name as entry element Computer Programming
942 ## - ADDED ENTRY ELEMENTS (KOHA)
Koha item type Library Membar
Call number prefix 005.133/CON
Holdings
Withdrawn status Lost status Damaged status Not for loan Home library Current library Date acquired Total Checkouts Full call number Barcode Date last seen Uniform Resource Identifier Price effective from Koha item type
        MACL MACL 15/04/2015   005.133/CON BOOK CLC2856 29/04/2015 31227 15/04/2015 Books